| 000 | 00656nam a2200217Ia 4500 | ||
|---|---|---|---|
| 005 | 20260429111937.0 | ||
| 008 | 260429s9999||||xx |||||||||||||| ||und|| | ||
| 020 | _a9788194991236 | ||
| 041 | _aEnglish | ||
| 082 |
_a954.83 _bWIL |
||
| 100 | _aWilson, Viju | ||
| 245 | 0 |
_aUpper cloth revolt in south Travancore : _btheological interpretation of a subaltern movement / _cViju Wilson |
|
| 250 | _a1st ed. | ||
| 260 |
_aNew Delhi : _bManohar Publishers and Distributors, _c2024. |
||
| 300 | _a276 p.; hb | ||
| 650 | _a Caste movements | ||
| 650 | _a Subaltern studies | ||
| 650 | _a Travancore-History | ||
| 650 | _aSocial movements | ||
| 942 | _cTB | ||
| 999 |
_c51551 _d51551 |
||